000 01684nam a2200445Ic 4500
001 59796
003 CO-BoRNBP
005 20251106195545.0
007 ta
008 210804s2018 sp a jr 000 0dspa
020 _a9788417056100
040 _aCO-BoRNBP
_bspa
_erda
_cCO-BoRNBP
041 1 _aspa
_heng
082 0 4 _a609
_bL26c
_222
245 0 0 _a50 grandes ideas e inventos de Leonardo Da Vinci /
_ccolaboradores Francis Ames-Lewis... [y otros seis] ; edición Marina Wallace ; ilustraciones Ivan Hissey ; traducción Alfonso Rodríguez Arias.
250 _aNueva edición
264 1 _aBarcelona, España :
_bBlume,
_c2018
300 _a160 páginas :
_bilustraciones, fotografías a color
336 _atexto
_btxt
_2rdacontent
337 _asin mediación
_bn
_2rdamedia
338 _avolumen
_bnc
_2rdacarrier
490 0 _aGuía breve
521 _aRecomendado para un público mayor de 12 años
534 _t30 second Leonardo Da Vinci
545 _aIncluye datos biográficos del autor en la contracarátula
600 0 _aVinci, Leonardo Da,
_xCrítica e interpretación
_966646
600 0 _aVinci, Leonardo Da,
_xTrabajos científicos
_966647
650 0 7 _aInventos
_xHistoria
_2LEMB
650 0 7 _aPintura italiana
_ySiglo XV
_2lemb
_966648
700 _aAmes-Lewis, francis
_eaut
_966649
700 _aBarone, Juliana
_eaut
_966650
700 _aCalter, Paul
_eaut
_966651
700 _aClegg, Brian
_eaut
_966652
700 _aHissey, Ivan
_eill
_966606
700 _aLandrus, Matthew
_eaut
_966653
700 _aLaurenza, Domenico
_eaut
_966654
700 _aRodríguez Arias, Alfonso
_etrl
_965345
700 _aWallace, Marina
_eaut
_966655
942 _2ddc
_cBK
999 _c59796
_d59796